000 00985nam a22002777a 4500
001 7784
003 FISKH
005 20250806095214.0
008 250806b cb ||||| |||| 00| 0 eng d
020 _a076714007994
040 _aFISKH
_beng
_cFISKH
_dFISKH
050 _aPZ7
082 _a813.6
100 _aFoxx, Kylie
245 _aTutter's tea party /
_cby Kylie Foxx ; illustrated by John Lund
260 _aNew York :
_bSimon & Schuster,
_c2001.
300 _a14 unnumbered pages :
_bcolor illustrations ;
_c21 cm
505 _aJ
520 _aTutter wants to have a tea party at the Big Blue House, but he needs your help. Take Tutter from place to place to help make pastries, decorate the house, serve refreshments, and much more.
521 8 _a460
_bLexile estimate
521 8 _aJ
_bRaz-Plus
650 _aBear in the Big Blue House
_vJuvenile Fiction
_xBoard Book
700 _aLund, John
_eillustrator
942 _2ddc
_cBK
_n0
999 _c7784
_d7784